000 00285nam a22001337a 4500
008 181029b xxu||||| |||| 00| 0 eng d
020 _a9780385513753
041 _aeng
080 _a821
100 _a21
101 _aGJL
245 _aThe Da Vinci Code
_cBrown, D
942 _2udc
_cBK
999 _c51012
_d51012